000 00321nam a22001217a 4500
008 250505b |||||||| |||| 00| 0 eng d
020 _a812192197X
100 _aM.A. Wren P.C.
245 _aWren & Martin highschool grammar and composition
260 _aNew Delhi
_bS. Chand& company
_c2000
300 _a416p.
942 _cBK
999 _c3300
_d3300